书目信息 |
| 题名: |
射流技术译文集
|
|
| 作者: | ;河北电力学院射流小组 , 北京工业大学射流小组 译 | |
| 分册: | ||
| 出版信息: | 北京 科学出版社 1972 |
|
| 页数: | 251页 | |
| 开本: | 19cm | |
| 丛书名: | ||
| 单 册: | ||
| 中图分类: | TP6 | |
| 科图分类: | ||
| 主题词: | 射流技术--文集 | |
| 电子资源: | ||
| ISBN: | 15031.19 | |
| 000 | 00795cam0 2200253 450 | |
| 001 | 0105510467 | |
| 005 | 20080221102554.0 | |
| 010 | @a15031.19@dCNY0.60 | |
| 091 | @a15031.19@dCNY0.60 | |
| 100 | @a19951004d1972 em y0chiy0110 ea | |
| 101 | 1 | @achi |
| 102 | @aCN@b110000 | |
| 105 | @af z 000yy | |
| 106 | @ar | |
| 200 | 1 | @a射流技术译文集@9She Liu Ji Shu;Zhu Yi Wen Ji @f河北电力学院、北京工业大学射流小组译@b专著 |
| 210 | @a北京@c科学出版社@d1972 | |
| 215 | @a251页@c图表@d19cm | |
| 606 | 0 | @a射流技术@x文集 |
| 690 | @aTP6@v3 | |
| 711 | 02 | @a河北电力学院射流小组@9he bei dian li xue yuan she liu xiaozu@4译 |
| 711 | 02 | @a北京工业大学射流小组@9bei jing gong ye da xue she liu xiao zu@4译 |
| 801 | 0 | @aCN@b广东省中山图书馆 |
| 801 | 2 | @aCN@bAiZhiMarc |
| 905 | @aBZT@dTP6@e1@f1@sTP6/1 | |
| 射流技术译文集/河北电力学院、北京工业大学射流小组译.-北京:科学出版社,1972 |
| 251页:图表;19cm |
| ISBN 15031.19:CNY0.60 |
| ● |
| 相关链接 |
|
|
|
正题名:射流技术译文集
索取号:TP6/1
 
预约/预借
| 序号 | 登录号 | 条形码 | 馆藏地/架位号 | 状态 | 备注 |
| 1 | 2000115364 | 2000115364 | 旧书回溯/ [索取号:TP6/1] | 在馆 |